Регионална библиотека "Любен Каравелов" - Русе

Седем бразилски разкази (Запис номер 106964)

MARC детайли
000 -Лидер
Контролно поле с фиксирана дължина 01361nam a2200325 c 4500
003 - Код на организацията, давaща контролен номер
Контролно поле BLK
005 - Дата и час на последна редакция
Контролно поле 20180422105743.0
008 - Елементи от данни с фиксирана дължина
fixed length control field 180409b bul|||||r ||||||| ||bul||
010 ## - Наследен системен номер
LC control number KNG00112237000
020 ## - Международен стандартен номер на книга ISBN
Международен стандартен номер на книга ISBN 954-462-089-3
-- издат.: Пет плюс
040 ## - Източник на каталожния запис
Идентификатор на билиотеката - собственик на записа BLK
041 ## - Код за език
Код за езика на текст/звукозапис или на отделно заглавие Български
Код за езика КДБФ Български
Други езици Португалски
080 ## - УДК
Текстов определител УДК Бразилска литература
УДК код - определител по УДК 821.134.3(81)
УДК определител -32
УДК - код + определител 821.134.3(81)-32
139 ## - Редно поле
Редна дума Седем бразилски разкази
Авторски знак Се - С 30
245 10 - Сведения за заглавието
Заглавие Седем бразилски разкази
Редно поле (дума) състав. и подб. Жозе А. Линдгрен Алвес; прев. от португ. Йорданка ду Насименту.
246 11 - Различни форми на заглавието
Паралелно заглавие Sete contos brasileiros
257 ## - Страна на издаване
Страна на създаване/издаване Бразилия
260 ## - Област на издателските данни
-- София
Име на издателя, разпространителя и проч. Бразилско посолство
-- Пет плюс
Година на издаване 2003
Печатница София : Унискорп
300 ## - Физическа характеристика
Страници 214 с.
Размери/Мащаб 20 см
380 ## - Жанр
Жанр Худож. лит.
500 ## - Общи забележки
Забележка Офс. изд. - Парал. текст на португ. ез. - 1 000 тир.
653 ## - Ключова дума – ненормативна
Ключова дума разкази
700 1# - Други автори (авторска отговорност)
Лично име Линдгрен Алвес, Жозе А.
Автороска отговорност (Описва отношението между автора и произведението) състав. и подб.
9 (RLIN) 375383
700 1# - Други автори (авторска отговорност)
Лично име Насименту, Йорданка ду
Автороска отговорност (Описва отношението между автора и произведението) прев. от португ.
9 (RLIN) 100687
852 ## - Местоположение
Форматна сигнатура Цб 218918
856 4# - Електронен адрес и достъп
Електронен формат pdf - файл
Път до файла /url/
856 4# - Електронен адрес и достъп
Електронен формат pdf - файл
Път до файла /url/
942 ## - АРТИКУЛИ
Вид на библиотечния материал Книги
Скрит в OPAC Не
944 ## - СЪЗДАВАНЕ И РЕДАКЦИЯ на ЗАПИСА
Създаване/Редакция Създаване
Дата на регистрацията/редакция 13.04.2004
Служител, извършил регистрацията/редакцията Людмила_Стоянова
944 ## - СЪЗДАВАНЕ И РЕДАКЦИЯ на ЗАПИСА
Създаване/Редакция Редакция
Дата на регистрацията/редакция 26.11.2004
Служител, извършил регистрацията/редакцията
999 ## - СИСТЕМНИ КОНТРОЛНИ НОМЕРА
Koha biblionumber 106964
Koha biblioitemnumber 106964
Наличности
Код за отписване Код за изгубен артикул Код за повреда Коз за рестрикции Код за отдаване Артикулен № Име на библиотеката - собственик Име на библиотеката, в която се намира в момента Статус (Текущо местоположение) Дата на вписване в системата Местоположение - отдел Цена в лева Инвентарен номер Систематично азбучна сигнатура Баркод Номер на екземпляра Цена в евро Служебна бележка Служебен тип на артикула
  Не е изгубен Не е повреден без рестрикции заемане за дома 172732 Регионална библиотека "Любен Каравелов" Русе Регионална библиотека "Любен Каравелов" Русе Заемна - подръчен фонд 2004-04-13 Заемна - подръчен фонд 4.00 120000684450 П 869.0-32/С 30 120000684450 1 2.05 Дост: DA Вид: А N: 11 Дата: 08.04.2004 Дата инв: 09.02.2018 Бележки инв: П2018 Книги
  Не е изгубен Не е повреден без рестрикции ползва се в читалня 172733 Регионална библиотека "Любен Каравелов" Русе Регионална библиотека "Любен Каравелов" Русе Хранилище 2004-10-26 Хранилище 0.00 120000689537 Цб 218918 120000689537 2 0.00 Дост: Dp Вид: Д N: 1 Дата: 10.12.2003 Книги
Vip Innovations Ltd, Rousse, Bulgaria 2025